000 00445cam a2200181ua 4500
020 _c8.00
041 _aeng
_h
082 _a828.09
_bMAY/HI
100 _aMayadhar , Mansinha .
245 _aHistory of Oriya literature /
_cMayadhar Mansinha.
_hTextual Documents
250 _a1 /
_b.
260 _aNew Delhi :
_bSahitya Academy ,
_c1962.
300 _a282 ; .
365 _a8.00
504 _a
942 _cBK
999 _c6543
_d6543